000 01651nam a2200289 a 4500
001 000045049
005 20201002045832.0
008 150130s2009 dr abc 000 0 spa d
020 _z9789945461664(v. 2)
020 _a9809945461672 (v. 3)
020 _a9789945461680(v.4)
040 _aDO-SdBNP
_bspa
_cBNPHU
082 _axxxx
_bxxxx
100 1 _aSeverino, Banahi
_944156
245 1 0 _aCiencias sociales /
_cBanahi Severino, Alejandro Hernández Grullón, Juan Ricardo Hernández Polanco ;ilustraciones y fotografías Ramón Sandoval, Deyanira Féliz Moreno.
250 _a3a ed.
260 _aSanto Domingo :
_bActualidad Escolar 2000,
_c2009-.
300 _av. :
_bil., map. retrs. ;
_c28 cm.
500 _aLa biblioteca posee los grados 2-4
500 _aEste libro ha sido realizado de acuerdo al curriculum vigente y aprobado como libro de texto por la SEE, bajo el no. 6096 de fecha 4 de julio 2006, revisado y actualizado al 2009
500 _aLa catalogación fue tomada del v. 2
505 1 _av. 2 :
_tUnidad 1
_tYo vivo en mi comunidad --
_tUnidad 2 --
_t¿Cómo se organiza mi comunidad? --
_tUnidad 3 --
_tRepública Dominicana es mi país --
_gv. 3 :
_tFamilia y comunidad --
_tCultura y comunidad en los municipios dominicanos --
_tRepública Dominicana, primeros pobladores --
_gv. 4 :
_tProvincias y regiones dominicanas --
_tRelieve, hidrografía y clima de las regiones de la República Dominicana --
_tPrimeros pobladores y llegada de los españoles --
700 1 2 _aHernández Polanco, Juan Ricardo
_944155
700 1 2 _eil.
700 1 2 _aFéliz Moreno, Deyanira,
_eil.
_973056
700 1 2 _aHernández Grullón, Alejandro
_944157
999 _c44538
_d44538